000
00243nam a22000857a 4500
008
160629b xxu||||| |||| 00| 0 eng d
100
_9
1355
_a
Deshpande, G.P
245
_a
Modern Indian Drama An Anthology
260
_a
New Delhi
_b
Sahitya Akademi
_c
2000
999
_c
1117
_d
1117